1767 1601 1479 1358 1630 1520 1397 1456 1970 1388 1442 1772 1437 1458 1651 1765 1167 1802 1590 1647 1082 1272 1841 1634 1227 1257 1003 1332 1281 1016 1894 1348 1147 1706 1310 1957 1520 1873 1958 1170 1529 1854 1457 1973 1976 1669 1771 1930 1168 1655 1989 1872 1842 1869 1251 1984 1467 1312 1022 1661 1274 1868 1348 1964 1433 1995 1230 1930 1610 1872 1839 1642 1693 1228 1239 1714 1220 1559 1379 1084 1141 1232 1945 1444 1962 1416 1170 1104 1011 1578 1223 1765 1874 1011 1847 1063 1174 1359 1458 BCNSPRNW ULIB Ver.6.0+V

เปลี่ยนเป็นภาษาไทย

Change to English
 แสดงรายละเอียดบรรณานุกรม
  กลับหน้าหลัก

Brief Record : Get Marc (ISO 2709) : E-mail record : QR code < ปิดหน้าต่าง
LEADER : 00000nam 2200000uu 4500
001    13399128874
003     ULIB
008    241022s2565||||th 000 0 tha d
020    ^a9786164480353
060 04 ^aQU55^bฟ552ล
100 1  ^aฟูจิตะ, ซาโตชิ
245 10 ^aเล่าเรื่องโปรตีน กินแบบนี้สุขภาพดีแน่ /^cฟูจิตะ ซาโตชิ, เรียบเรียง ;แปลโดย สำนักพิมพ์ไดฟุกุ
246 3  ^aซีรีส์ สนุกจนตาสว่าง ภาพเข้าใจง่าย เล่าเรื่องโปรตีน กินแบบนี้สุขภาพดีแน่
250    ^aพิมพ์ครั้งที่ 1
260    ^aกรุงเทพฯ :^bไดฟุกุ,^c2565
300    ^a128 หน้า :^bภาพประกอบ ;^c23 ซม.
490 1  ^aซีรีส์ สนุกจนตาสว่าง ภาพเข้าใจง่าย
505 2  ^aโปรตีนสำคัญต่อการลดน้ำหนักอย่างยิ่ง --สุดยอดโปรตีนเป็นสิ่งที่ขาดไม่ได้สำหรับสุขภาพและความงาม --เคล็ดลับการผสมผสานโปรตีนเข้ากับอาหารในแต่ละมื้อ --เกร็ดความรู้เรื่องโปรตีน
650  4 ^aโปรตีน
650  4 ^aโภชนาการ
650  4 ^aสุขภาพ
710 2  ^aสำนักพิมพ์ไดฟุกุล,^eผู้แปล
830  0 ^aซีรีส์ สนุกจนตาสว่าง ภาพเข้าใจง่าย
945    ^p230^l0^i30311
945    ^p230^l0^i30312
999    ^aกัณชพร จุลอักษร
รายการนี้ยังไม่มีแท็ก
คุณยังไม่ได้ล็อกอิน คุณสามารถมีกิจกรรมร่วมกับเว็บไซต์ได้ แต่ต้องล็อกอินก่อน ::
  ล็อกอิน

รายการสื่อสารสนเทศ

ลำดับที่ ประเภท เลขเรียก/บาร์โค้ด สถานที่ สถานะ
1. วิทยาศาสตร์การแพทย์ และสุขภาพ
วิทยาศาสตร์การแพทย์ และสุขภาพ
QU55 ฟ552ล ฉ.1 
  Barcode: 30311
ห้องสมุดวิทยาเขตนครสวรรค์
►หนังสือทั่วไป:l:General Books
ถูกยืม กำหนดส่งวันที่ 6 พฤษภาคม 2569
  จอง
2. วิทยาศาสตร์การแพทย์ และสุขภาพ
วิทยาศาสตร์การแพทย์ และสุขภาพ
QU55 ฟ552ล ฉ.2 
  Barcode: 30312
ห้องสมุดวิทยาเขตนครสวรรค์
►หนังสือทั่วไป:l:General Books
บนชั้น

รายการใกล้เคียง
    ผู้แต่ง [ฟูจิตะ, ซาโตชิ]

    หัวเรื่อง [โปรตีน]
    หัวเรื่อง [โภชนาการ]
    หัวเรื่อง [สุขภาพ]

BibComment


ยังไม่เคยถูกคอมเมนท์

คอมเมนท์ทรัพยากรรายการนี้
  คอมเมนท์: เล่าเรื่องโปรตีน..


 Copyright 2026. Bcnsprnw @Library